| 000 | 00571nam a2200157 4500 | ||
|---|---|---|---|
| 001 | 111190 | ||
| 003 | ES-MaACL | ||
| 007 | t| | ||
| 008 | 061121s1982 sp r ||||1| spa d | ||
| 100 | 1 |
_aNeedham, James G. _985276 |
|
| 245 | 1 | 0 |
_aGuía para el estudio de los seres vivos de las aguas dulces / _cJames G. Needham, Paul R. Needham; traducción adaptada para España y América [por C. Altamira... et al.]. |
| 260 |
_aBarcelona [etc.] : _bReverté, _c1982. |
||
| 700 | 1 |
_aNeedham, Paul R. _985278 |
|
| 700 | 1 |
_aAltamira, C. _920512 |
|
| 852 |
_aES-MaACL _jL-9392 _bR.111250 |
||
| 999 |
_c111190 _d111190 |
||